MARC details
| 000 -LEADER |
| fixed length control field |
01107 a2200325 4500 |
| 001 - CONTROL NUMBER |
| control field |
62518 |
| 003 - CONTROL NUMBER IDENTIFIER |
| control field |
TR-AnTOB |
| 005 - DATE AND TIME OF LATEST TRANSACTION |
| control field |
20191001104439.0 |
| 008 - FIXED-LENGTH DATA ELEMENTS--GENERAL INFORMATION |
| fixed length control field |
070726s2006 tu tur |
| 020 ## - INTERNATIONAL STANDARD BOOK NUMBER |
| International Standard Book Number |
975-507-150-4 |
| 040 ## - CATALOGING SOURCE |
| Original cataloging agency |
TR-AnTOB |
| Transcribing agency |
TR-AnTOB |
| 041 ## - LANGUAGE CODE |
| Language code of text/sound track or separate title |
Türkçe |
| 050 ## - LIBRARY OF CONGRESS CALL NUMBER |
| Classification number |
LF5250.A55 |
| Item number |
A48 2006 |
| 090 ## - LOCALLY ASSIGNED LC-TYPE CALL NUMBER (OCLC); LOCAL CALL NUMBER (RLIN) |
| Classification number (OCLC) (R) ; Classification number, CALL (RLIN) (NR) |
LF5250.A55 A48 2006 |
| 100 ## - MAIN ENTRY--PERSONAL NAME |
| Personal name |
Altunya, Niyazi |
| Dates associated with a name |
1942- |
| 9 (RLIN) |
34369 |
| 245 #0 - TITLE STATEMENT |
| Title |
Gazi Eğitim Enstitüsü : |
| Remainder of title |
Gazi Orta Öğretmen Okulu ve Eğitim Enstitüsü (1926-1980) / |
| Statement of responsibility, etc. |
Niyazi Altunya. |
| 264 #1 - PRODUCTION, PUBLICATION, DISTRIBUTION, MANUFACTURE, AND COPYRIGHT NOTICE |
| Place of production, publication, distribution, manufacture |
Ankara : |
| Name of producer, publisher, distributor, manufacturer |
Gazi Üniversitesi, |
| Date of production, publication, distribution, manufacture, or copyright notice |
2006. |
| 300 ## - PHYSICAL DESCRIPTION |
| Extent |
XI, 1386 s. ; |
| Dimensions |
24cm. |
| 336 ## - CONTENT TYPE |
| Source |
rdacontent |
| Content type term |
text |
| Content type code |
txt |
| 337 ## - MEDIA TYPE |
| Source |
rdamedia |
| Media type term |
unmediated |
| Media type code |
n |
| 338 ## - CARRIER TYPE |
| Source |
rdacarrier |
| Carrier type term |
volume |
| Carrier type code |
nc |
| 490 0# - SERIES STATEMENT |
| Series statement |
Gazi Üniversitesi Yayınları; |
| Volume/sequential designation |
3 |
| Series statement |
Hasan Ali Yücel Uygulama ve Araştırma Merkezi Yayın Dizisi ; |
| Volume/sequential designation |
1 |
| 500 ## - GENERAL NOTE |
| General note |
Kaynakça ve dizin var. |
| 650 ## - SUBJECT ADDED ENTRY--TOPICAL TERM |
| Topical term or geographic name entry element |
Universities and colleges |
| Geographic subdivision |
Turkey |
| -- |
Ankara |
| General subdivision |
History |
| 9 (RLIN) |
105381 |
|
| Topical term or geographic name entry element |
Üniversiteler ve yüksekokullar |
| Geographic subdivision |
Türkiye |
| -- |
Ankara |
| General subdivision |
Tarih |
| 9 (RLIN) |
34371 |
| 902 ## - LOCAL DATA ELEMENT B, LDB (RLIN) |
| a |
0018936 |
| 903 ## - LOCAL DATA ELEMENT C, LDC (RLIN) |
| a |
GT, BS |
| 942 ## - ADDED ENTRY ELEMENTS (KOHA) |
| Koha item type |
Book |
| Source of classification or shelving scheme |
Library of Congress Classification |